书目信息 |
| 书名: | Now or Never | |
| 作者: | JACK CAFFERTY | |
| 分册号: | ||
| 分册名: | 出版地: | America |
|
| 出版社: | Wiley | |
| 出版时间: | 2009 | |
| 页数: | 266p | |
| 开本: | 24cm | |
| 丛书名: | ||
| 中图分类号: | ||
| 科图分类号: | ||
| 其他分类号: | F276 | |
| 主题词: | ||
| 电子资源: | ||
| 000 | 00391nam0 2200157 450 | |
| 001 | 202012002276 | |
| 005 | 20121206114101.0 | |
| 008 | 12112601s | |
| 020 | @a9780470372302@c$24.95@bhard | |
| 099 | @dF276@eJ121 | |
| 245 | 10 | @aNow or Never@cJACK CAFFERTY |
| 260 | 0 | @aAmerica@bWiley @c2009 |
| 300 | @a266p@c24cm | |
| 905 | @b12471 | |
| 905 | @b15287 | |
| 905 | @aTSG@dF276@eJ121 | |
| Now or Never / JACK CAFFERTY.-America : Wiley , 2009 |
| 266p ; 24cm |
| ISBN 9780470372302hard$24.95 |
| ● |
| 相关链接 |
|
|
|
正题名:Now or Never
索取号:F276/J121
 
预约/预借
| 序号 | 登录号 | 条形码 | 馆藏地/架位号 | 状态 | 备注 |